| 000 | 00905cam a22002774a 4500 | ||
|---|---|---|---|
| 001 | 2135 | ||
| 005 | 20231108074519.0 | ||
| 020 | _a9780531207666 | ||
| 020 | _a9780531293089 | ||
| 040 |
_aDLC _cDLC _dDLC _beng |
||
| 050 | 0 | 0 |
_aE99.W2 _bC86 2011 |
| 082 | 0 | 0 |
_a974.4004/97348 _222 |
| 100 | 1 |
_aCunningham, Kevin, _d1966- |
|
| 245 | 1 | 4 |
_aThe Wampanoag / _cKevin Cunningham and Peter Benoit. |
| 260 |
_aNew York : _bChildren's Press, _c2011 |
||
| 300 |
_a48 pages _bIllustration _c22 cm |
||
| 490 | 0 | _aA true book | |
| 505 | _aW | ||
| 520 | _aAn exploration of the Wampanoag Indians, discussing the nation's relationship with settlers, culture, women, housing, and more. | ||
| 521 |
_a900 _bLexile estimate |
||
| 521 |
_aW _bRaz-Plus |
||
| 650 | 0 |
_aWampanoag Indians _vJuvenile literature. |
|
| 700 | 1 |
_aBenoit, Peter _d1955- |
|
| 906 |
_a7 _bcbc _corignew _d1 _eecip _f20 _gy-gencatlg |
||
| 942 |
_2ddc _cBK _n0 |
||
| 999 |
_c2135 _d2135 |
||